000 00606cam a2200217ua 4500
001 9558
005 20260515114459.0
008 160218n ii |||gr||||Z||||||asm
040 _cMAIN
041 _aasm
082 _a491.451
100 _aGogoi, Guna,
_eAuthor.
245 1 _aAsamia bhashar bananor samasya :
_bek chintanio bikhoy, hudha banan shiku aaha /
_cby Guna Gogoi .
250 _a1st ed.
260 _aTingkhong:
_bJagat Bakalial,
_c2015.
300 _a92p.
653 _aEast Indo-European & Celtic languages
653 _aAssamese language
653 _aAssamese spelling
942 _cBK
999 _c8582
_d8582